| 000 | 00877nam a2200181 a 4500 | ||
|---|---|---|---|
| 008 | 100927s1993 ||||||||||||||||| || u | ||
| 050 | _aCOMM(02) | ||
| 110 | _aCommonwealth Secretariat | ||
| 245 | 1 | 0 | _aViolence in South Africa: the report of the Commonwealth observer mission to South Africa, phase I: October 1992 - January 1993 |
| 260 |
_aLondon: _bCommonwealth Secretariat _c1993 |
||
| 300 | _avi, 61p.: ill. | ||
| 350 | _a0.00 | ||
| 650 | _aPOLITICS | ||
| 650 | _aPUBLIC ADMINISTRATION--CONGRESSES | ||
| 650 | 0 | _aPOLITICAL SCIENCE | |
| 995 |
_D0.00 _FCBU-MAIN LIBRARY (Kitwe) _H1 _I0.00 _M1 _UAVAILABLE _WSep 27, 2010 _ZInternational Publications |
||
| 995 |
_D0.00 _FCBU-MAIN LIBRARY (Kitwe) _H1 _I0.00 _M2 _UAVAILABLE _WSep 27, 2010 _ZInternational Publications |
||
| 999 |
_c78358 _d78358 |
||